000 00627nam a2200193 i 4500
001 87638
003 ES-MaACL
005 20230906175718.0
007 t|
008 041222s1954 sp ||||1| spa d
100 1 _aKuhlmann, Fritz.
_968972
245 1 0 _aAtlas radiológico del aparato digestivo /
_cFritz Kuhlmann, Bernhard Rating ; versión española por J. Guijosa Pernús.
250 _a1ª ed.
260 _aMadrid :
_bMorata,
_c1954 (
_fTip. Artística)
300 _a344 p. :
_bil. ;
_c27 cm.
700 1 _aRating, Bernhard.
_995530
700 1 _aGuijosa Pernús, Juan.
_960682
852 _aES-MaACL
_jC-8332
_bR.36204
999 _c87638
_d87638